000 00621nam a2200193Ia 4500
005 20260114185614.0
008 008 260114s9999 xx 000 0 eng d
020 _a9781350988989
037 _aEBOOK
040 _aCRL
_beng
_cCRL
041 _aeng
_2eng
084 _qCRL
100 _aPeter T. De Simone
_9872118
245 4 _aThe Old Believers in Imperial Russia Oppression, Opportunism and Religious Identity in Tsarist Moscow
260 _bBloomsbury
_c2018
856 _uhttps://doi.org/10.5040/9781350988989?locatt=label:secondary_bloomsburyCollections
942 _cEBOOK
999 _c1471066
_d1471066